Armes d'apex legends en ombre. - Statistiques

Statistiques générales
  • Ce quiz a été pris 134 fois
  • Le résultat moyen est 18 sur 29
Statistiques - réponses
Par images Réponse % Correct
Kraber
100%
P2020
96%
fusil triple
92%
longbow
91%
Fusil a charge
88%
couteau
84%
car
78%
30 30
76%
Bocek
76%
rampage
70%
volt
61%
r 301
60%
devotion
59%
alternator
58%
eva 8
58%
mastiff
58%
re 45
58%
nemesis
57%
mozambique
55%
havoc
54%
spitfire
54%
g7 scout
53%
L star
51%
peacekeeper
50%
prowler
50%
wigman
47%
flatine
15%
re 99
2%
Hamelok
1%
Aucun quiz correspondant
Distribution des résultats
% des personnes avec chaque résultat
Percentile par nombre de réponses
Votre historique - résultats
Vous n’avez pas pris ce quiz